|
|
|
|
| LEADER |
01015nam a2200253 a 4500 |
| 001 |
16611176 |
| 008 |
120419s2011 nyua b 001 0 eng |
| 010 |
|
|
|a 2011920821
|
| 020 |
|
|
|a 9783642165177 (hard cover : alk. paper)
|
| 040 |
|
|
|a DLC
|c DLC
|d BD-DhAAL
|
| 042 |
|
|
|a pcc
|
| 082 |
0 |
4 |
|a 006.331
|2 22
|
| 100 |
1 |
|
|a Bellahsene, Zohra.
|
| 245 |
1 |
0 |
|a Schema matching and mapping /
|c Zohra Bellahsene, Angela Bonifati, Erhard Rahm.
|
| 260 |
|
|
|a New York :
|b Springer,
|c 2011.
|
| 300 |
|
|
|a xii, 320 p. :
|b ill.p. ;
|c 25 cm.
|
| 504 |
|
|
|a Includes bibliographical references and index.
|
| 541 |
|
|
|e 00025021
|
| 650 |
|
0 |
|a Ontologies (Information retrieval)
|
| 650 |
|
0 |
|a Artificial intelligence
|x Data processing.
|
| 650 |
|
0 |
|a Semantic integration (Computer systems)
|
| 852 |
1 |
|
|a Ayesha Abed Library
|c General shelf.
|
| 999 |
|
|
|c 12091
|d 12091
|
| 952 |
|
|
|0 0
|1 0
|2 ddc
|4 0
|6 006_331000000000000_BEL
|7 0
|9 20059
|a BRACUL
|b BRACUL
|c GEN
|d 2012-04-17
|e karim International
|g 6850.00
|l 0
|o 006.331 BEL
|p 3010025021
|r 2012-04-19
|t 1
|w 2012-04-19
|y BK
|